[Event "FIDE Open"]
[Site "Voronezh"]
[Date "2018.06.12"]
[Round "1.61"]
[White "Morgachev, Sergey"]
[Black "Kuritsina, Zlata"]
[Result "1-0"]
[WhiteElo "1889"]
[BlackElo "1508"]
[Annotator ""]
[Source ""]
[Remark ""]

1.d4 d5 2.c4 e6 3.Nc3 Bb4 4.cxd5 exd5 5.Bf4 Nf6 6.e3 O-O 7.Bd3
Nc6 8.Nge2 Ne7 9.Qc2 a6 10.a3 Bd6 11.Bg5 Ng6 12.Nxd5 Be7 13.Nxe7+
Qxe7 14.O-O Qd6 15.Nf4 c6 16.Nxg6 fxg6 17.Bf4 Qe7 18.b4 Nd5 19.Bg3
Bd7 20.Qc5 Rfe8 21.Qxe7 Rxe7 22.e4 Nc3 23.f3 Nb5 24.Bc4+ Be6
25.d5 cxd5 26.exd5 Bf7 27.Rfc1 Nd4 28.d6 Rd7 29.Kf2 Bxc4 30.Rxc4
Nf5 31.Rc7 Rad8 32.Rac1 b5 33.Rxd7 Rxd7 34.Rc6 Nxg3 35.hxg3 Kf7
36.Rxa6 Rb7 37.Ke3 Ke6 38.Kd4 Kd7 39.Kc5 h5 40.Ra8 g5 41.Rg8
Ke6 42.Kc6 Ra7 43.Re8+ Kf7 44.d7 Rxa3 45.d8Q 1-0

[Event "FIDE Open"]
[Site "Voronezh"]
[Date "2018.06.12"]
[Round "1.62"]
[White "Ismailov, Samir"]
[Black "Tverdokhleb, Aleksandr"]
[Result "0-1"]
[WhiteElo "1507"]
[BlackElo "1889"]
[Annotator ""]
[Source ""]
[Remark ""]

1.d4 d5 2.Nf3 Nf6 3.c4 dxc4 4.Nc3 e6 5.Bg5 Be7 6.e3 b6 7.Bxc4
Bb7 8.Bb5+ c6 9.Bd3 O-O 10.O-O Nbd7 11.Qc2 h6 12.Bh4 c5 13.dxc5
Nxc5 14.Rad1 Nxd3 15.Rxd3 Qc8 16.Qd1 Ba6 17.Re1 Bxd3 18.Qxd3
Rd8 19.Qb5 Qd7 20.Qb3 Rac8 21.e4 Qb7 22.h3 Nh5 23.Qb5 Bxh4 24.Qxh5
Bf6 25.e5 Be7 26.Qg4 b5 27.Ne4 Rc2 28.Nh4 Bxh4 29.Qxh4 Qc7 30.Qf4
Rxb2 31.Nd6 Rf8 32.Qg4 Qc2 33.f4 Qf2+ 34.Kh2 Qxe1 0-1

[Event "FIDE Open"]
[Site "Voronezh"]
[Date "2018.06.12"]
[Round "1.63"]
[White "Shestakova, Ekaterina"]
[Black "Lebedeva, Ekaterina"]
[Result "1-0"]
[WhiteElo "1886"]
[BlackElo "1503"]
[Annotator ""]
[Source ""]
[Remark ""]

1.e4 c5 2.c3 Nc6 3.d4 cxd4 4.cxd4 g6 5.Nf3 Bg7 6.Nc3 d6 7.h3
Nf6 8.Bc4 O-O 9.O-O a6 10.a4 Qc7 11.Qe2 e5 12.dxe5 dxe5 13.Be3
Bd7 14.Rfd1 Na5 15.Ba2 Rac8 16.Rac1 Qb8 17.b4 Nc6 18.Bc5 Rfe8
19.Bxf7+ Kxf7 20.Ng5+ Kg8 21.Qc4+ Kh8 22.Nf7+ Kg8 23.Nh6+ Kh8
24.Qg8+ Rxg8 25.Nf7# 1-0

[Event "FIDE Open"]
[Site "Voronezh"]
[Date "2018.06.12"]
[Round "1.64"]
[White "Shipitsyna, Guzyal"]
[Black "Gulko, Oleg"]
[Result "0-1"]
[WhiteElo "1444"]
[BlackElo "1883"]
[Annotator ""]
[Source ""]
[Remark ""]

1.d4 d5 2.c4 e6 3.Nc3 Nf6 4.Nf3 b6 5.cxd5 Nxd5 6.e4 Nxc3 7.bxc3
c5 8.Bb5+ Bd7 9.Bxd7+ Nxd7 10.O-O cxd4 11.cxd4 Be7 12.e5 b5 13.a4
b4 14.a5 O-O 15.Bb2 Re8 16.d5 exd5 17.Qxd5 Nc5 18.Rfd1 Qxd5 19.Rxd5
Nb3 20.Rad1 Red8 21.Rxd8+ Bxd8 22.a6 Bb6 23.Ne1 Nc5 24.Bd4 Rd8
25.Kf1 Ne6 26.Nc2 b3 27.Nb4 Rxd4 28.Rc1 Rxb4 0-1

[Event "FIDE Open"]
[Site "Voronezh"]
[Date "2018.06.12"]
[Round "1.65"]
[White "Filippov, Vladimir"]
[Black "Shushunov, Aleksei"]
[Result "0-1"]
[WhiteElo "1881"]
[BlackElo "1429"]
[Annotator ""]
[Source ""]
[Remark ""]

1.d4 d5 2.Nf3 Nf6 3.e3 c5 4.c3 Nc6 5.Bd3 g6 6.Nbd2 Bg7 7.dxc5
e5 8.Bc2 O-O 9.O-O a5 10.Ba4 Qe7 11.Re1 e4 12.Nd4 Qxc5 13.Nxc6
bxc6 14.Nb3 Qd6 15.h3 Be6 16.Nd4 c5 17.Nxe6 fxe6 18.Bc2 Ra7 19.Qe2
Raf7 20.Rf1 Nh5 21.Bd2 Qe7 22.Rab1 Rf3 23.Bd1 Ng3 24.Qxf3 exf3
25.gxf3 Nxf1 0-1

[Event "FIDE Open"]
[Site "Voronezh"]
[Date "2018.06.12"]
[Round "1.66"]
[White "Meshkov, Timofey"]
[Black "Meshkov, Timofey"]
[Result "0-1"]
[WhiteElo "1403"]
[BlackElo "1876"]
[Annotator ""]
[Source ""]
[Remark ""]

1.d4 f5 2.Nf3 Nf6 3.c4 e6 4.Nc3 d5 5.Bg5 Be7 6.e3 O-O 7.Bd3 c6
8.O-O Ne4 9.Bxe7 Qxe7 10.Rc1 Nd7 11.cxd5 exd5 12.Nd2 Ndf6 13.Ndxe4
fxe4 14.Be2 Bf5 15.a3 a5 16.h3 Bg6 17.b4 h5 18.g4 hxg4 19.hxg4
Kf7 20.Kg2 Rh8 21.f4 exf3+ 22.Bxf3 Rae8 23.Re1 Qd6 24.Ra1 Rh2+
25.Kf1 Qg3 0-1

[Event "FIDE Open"]
[Site "Voronezh"]
[Date "2018.06.12"]
[Round "1.67"]
[White "Vorobiov, Nikolai"]
[Black "Zakharov, Timofey V."]
[Result "1-0"]
[WhiteElo "1873"]
[BlackElo "1389"]
[Annotator ""]
[Source ""]
[Remark ""]

1.d4 Nf6 2.Bg5 Ne4 3.Bh4 g5 4.f3 gxh4 5.fxe4 Bg7 6.e3 c5 7.c3
Qb6 8.Qb3 Qxb3 9.axb3 b6 10.Nf3 Bb7 11.Nbd2 cxd4 12.exd4 Bh6
13.Bd3 h3 14.g3 f5 15.Ke2 O-O 16.Rhf1 fxe4 17.Bxe4 Nc6 18.b4
e6 19.Ng1 Rxf1 20.Rxf1 Ba6+ 21.Bd3 Bb7 22.Ne4 Rf8 23.Rxf8+ Bxf8
24.Nxh3 Nb8 25.Nf6+ Kg7 26.Nxh7 Be7 27.N7g5 Na6 28.Ne4 Nc7 29.Nf4
Nd5 30.Nxd5 Bxd5 31.Nd2 Bb7 32.Bb5 d6 33.Bc4 Kf7 34.Bd3 Bg5 35.h4
Bh6 36.Nc4 Ke7 37.Ne3 e5 38.Nf5+ 1-0

[Event "FIDE Open"]
[Site "Voronezh"]
[Date "2018.06.12"]
[Round "1.68"]
[White "Povelitsa, Nikolai"]
[Black "Pak, Nikita"]
[Result "0-1"]
[WhiteElo "1364"]
[BlackElo "1870"]
[Annotator ""]
[Source ""]
[Remark ""]

1.e4 c5 2.Nc3 e6 3.a3 Nc6 4.Nf3 a6 5.b3 Qc7 6.Bb2 Nf6 7.g3 Be7
8.Bg2 O-O 9.d3 b5 10.Qe2 d6 11.d4 cxd4 12.Na2 e5 13.Rc1 d5 14.c3
dxe4 15.Nd2 Bg4 16.f3 exf3 17.Bxf3 Bxf3 18.Nxf3 Rfe8 19.O-O Rad8
20.cxd4 exd4 21.Bxd4 Nxd4 22.Nxd4 Bc5 23.Qf2 Qd6 24.Kg2 Bxd4
25.Qf3 Re3 26.Qf4 Re2+ 27.Kh3 Qe6+ 28.g4 Be5 29.Qf3 Qxg4+ 0-1

[Event "FIDE Open"]
[Site "Voronezh"]
[Date "2018.06.12"]
[Round "1.69"]
[White "Sokolovsky, Victor"]
[Black "Cherniavskaya, Klara"]
[Result "1-0"]
[WhiteElo "1866"]
[BlackElo "1357"]
[Annotator ""]
[Source ""]
[Remark ""]

1.e4 e5 2.Nf3 Nc6 3.Bb5 d6 4.O-O Bd7 5.Re1 Nf6 6.d4 a6 7.Bc4
b5 8.Bd5 Nxd5 9.exd5 Ne7 10.dxe5 Bg4 11.Bf4 Bxf3 12.Qxf3 dxe5
13.Bxe5 Qxd5 14.Qxd5 Nxd5 15.Bxg7+ Be7 16.Nc3 Nxc3 17.Bxc3 Rg8
18.Bf6 Rg6 19.Bxe7 1-0

[Event "FIDE Open"]
[Site "Voronezh"]
[Date "2018.06.12"]
[Round "1.70"]
[White "Pokasova, Irina"]
[Black "Gerasko, Viacheslav"]
[Result "0-1"]
[WhiteElo "1311"]
[BlackElo "1862"]
[Annotator ""]
[Source ""]
[Remark ""]

1.d4 Nf6 2.Nf3 g6 3.c4 Bg7 4.Nc3 O-O 5.Bf4 h6 6.e3 d6 7.Be2 Nh5
8.Bg3 Nxg3 9.hxg3 Nd7 10.O-O c5 11.Rc1 b6 12.Qc2 Bb7 13.Rfd1
Rc8 14.d5 Ne5 15.e4 Ra8 16.Nxe5 Bxe5 17.Bg4 Bc8 18.Bxc8 Qxc8
19.Ne2 f5 20.exf5 Qxf5 21.Qxf5 Rxf5 22.b3 g5 23.g4 Rf7 24.f3
Kg7 25.Kf2 Kg6 26.Rh1 Rh8 27.Rh5 Rf6 28.Nc3 Bxc3 29.Rxc3 e5 30.Re3
Rf4 31.Rh1 Rhf8 32.Ke2 Rd4 33.Rh3 Rf6 34.Rh1 Rdf4 35.Rh2 a6 36.a4
Rf7 37.Rc3 Rb7 38.Rc1 b5 39.Rch1 Rh7 40.axb5 axb5 41.Kd3 bxc4+
42.bxc4 e4+ 43.fxe4 Rxg4 44.Re1 h5 45.e5 dxe5 46.Rxe5 h4 47.Re6+
Kh5 48.Re2 Rd4+ 49.Kc3 Ra7 50.Rb2 Ra4 51.Rf2 Kg4 52.Rh3 Raxc4+ 0-1

[Event "FIDE Open"]
[Site "Voronezh"]
[Date "2018.06.12"]
[Round "1.71"]
[White "Koptev, Ruslan"]
[Black "Neklyudova, Taisiya"]
[Result "1/2-1/2"]
[WhiteElo "1859"]
[BlackElo "1268"]
[Annotator ""]
[Source ""]
[Remark ""]

1.e4 e5 2.Nf3 Nc6 3.Bb5 Nf6 4.Qe2 d6 5.c3 a6 6.Ba4 Bg4 7.h3 Bh5
8.O-O Be7 9.d3 O-O 10.Nbd2 h6 11.g4 Bg6 12.Nh4 Nd7 13.Nxg6 fxg6
14.Nf3 Nc5 15.Bc2 Ne6 16.Bb3 Qd7 17.d4 exd4 18.cxd4 Ncd8 19.g5
Kh7 20.gxh6 gxh6 21.Kh2 Nf4 22.Bxf4 Rxf4 23.Qe3 g5 24.Rac1 Nc6
25.e5 Raf8 26.e6 Qe8 27.Bd1 g4 28.Ng1 Qh5 29.d5 Qxd5 30.hxg4
Bg5 31.Bb3 Qb5 32.a4 Qe5 33.Qxe5 dxe5 34.Rc3 Rxg4 35.Bd5 Rg8
36.e7 Re8 37.Bxc6 bxc6 38.Rxc6 Rxe7 39.Rxa6 Rg7 40.Ne2 Bf4+ 41.Nxf4
exf4 42.Kh3 R4g5 43.Kh4 Rg2 44.Kh3 f3 45.Rf6 R2g5 46.Kh4 Rg4+
47.Kh3 R4g5 48.Kh4 1/2-1/2

[Event "FIDE Open"]
[Site "Voronezh"]
[Date "2018.06.13"]
[Round "2.15"]
[White "Tverdokhleb, Aleksandr"]
[Black "Lilov, Aleksandr"]
[Result "0-1"]
[WhiteElo "1889"]
[BlackElo "2046"]
[Annotator ""]
[Source ""]
[Remark ""]

1.e4 c5 2.Nf3 Nc6 3.Bb5 g6 4.d3 Bg7 5.O-O Qb6 6.c4 Nd4 7.Nxd4
Bxd4 8.Nc3 e6 9.Qe2 Ne7 10.Bh6 Rg8 11.Kh1 Qa5 12.Qc2 a6 13.Ba4
b5 14.cxb5 axb5 15.Bb3 Bb7 16.a4 Bxc3 17.Qxc3 Qxc3 18.bxc3 c4
19.dxc4 bxa4 20.Rxa4 Rxa4 21.Bxa4 Bxe4 22.f3 Bc6 23.Rb1 f6 24.Bc2
Kf7 25.Bf4 Ra8 26.Bb3 g5 27.Bg3 Nf5 28.Bf2 h5 29.h3 Rg8 30.Bd1
Nd6 31.Be2 Ra8 32.Rd1 Nf5 33.f4 h4 34.fxg5 fxg5 35.Bf3 Bxf3 36.gxf3
Ne7 37.Rg1 Kf6 38.Rd1 Ra2 39.Bc5 Rc2 40.Bb4 Ke5 41.Rxd7 Kf4 42.Rd3
Kg3 43.Kg1 Re2 44.Kf1 0-1

[Event "FIDE Open"]
[Site "Voronezh"]
[Date "2018.06.13"]
[Round "2.16"]
[White "Selensky, Andrey"]
[Black "Shestakova, Ekaterina"]
[Result "1-0"]
[WhiteElo "2040"]
[BlackElo "1886"]
[Annotator ""]
[Source ""]
[Remark ""]

1.d4 d5 2.c4 c6 3.Nc3 Nf6 4.Nf3 e6 5.Bg5 Nbd7 6.e3 Qa5 7.Bxf6
Nxf6 8.Bd3 Bb4 9.O-O Bxc3 10.bxc3 dxc4 11.Bxc4 Qxc3 12.Ne5 O-O
13.Rc1 Qb4 14.Qd3 Rd8 15.Bb3 Qd6 16.f4 a5 17.a4 Bd7 18.f5 Nd5
19.Nxf7 Kxf7 20.fxe6+ Ke8 21.exd7+ Kxd7 22.Rf7+ Kc8 23.Qf5+ Kb8
24.Bxd5 Qxd5 25.Qxd5 Rxd5 26.Rxg7 h5 27.Rb1 b5 28.Rf1 Rd8 29.Rff7
Re8 30.axb5 cxb5 31.d5 Ra6 32.Rb7+ Kc8 33.Kf2 a4 34.Rxb5 a3 35.Rb1
a2 36.Ra1 Re5 37.d6 Rd5 38.Rc7+ Kd8 39.Rc2 Rda5 40.Rd2 Kd7 41.e4
Ra8 42.g3 R8a7 43.Kf3 Ra3+ 44.Kf4 R3a4 45.Kg5 R7a5+ 46.Kg6 Ra3
47.e5 Rxe5 48.Raxa2 Rxa2 49.Rxa2 1-0

[Event "FIDE Open"]
[Site "Voronezh"]
[Date "2018.06.13"]
[Round "2.17"]
[White "Martyntsev, Roman"]
[Black "Gulko, Oleg"]
[Result "1-0"]
[WhiteElo "2035"]
[BlackElo "1883"]
[Annotator ""]
[Source ""]
[Remark ""]

1.e4 c6 2.d4 d5 3.Nc3 dxe4 4.Nxe4 Nd7 5.Nf3 Ngf6 6.Nxf6+ Nxf6
7.Ne5 Bf5 8.Be2 e6 9.g4 Be4 10.f3 Bg6 11.h4 h6 12.Nxg6 fxg6 13.c3
Qc7 14.Kf2 Bd6 15.Qc2 Qf7 16.Kg2 O-O 17.Be3 Nd5 18.Qe4 Nxe3+
19.Qxe3 Rae8 20.Bc4 Bb8 21.Rae1 Kh8 22.Qe4 Qc7 23.Rh3 Rf6 24.Bd3
Ref8 25.h5 Kg8 26.hxg6 Qd6 27.g5 Rxf3 28.Rxf3 Qh2+ 29.Kf1 Qh3+
30.Kf2 Qg3+ 31.Ke2 Qg2+ 32.Kd1 Qxf3+ 33.Qxf3 Rxf3 34.Rxe6 Kf8
35.Ke2 Rg3 36.gxh6 gxh6 37.Rf6+ Ke8 38.Bc4 b5 39.Bb3 Bc7 40.Rf7
Bd6 41.g7 a5 42.Ra7 Rg2+ 43.Kf3 Rg3+ 44.Kf2 Bb8 45.Rb7 1-0

[Event "FIDE Open"]
[Site "Voronezh"]
[Date "2018.06.13"]
[Round "2.18"]
[White "Kitaev, Roman"]
[Black "Neklyudov, Taras"]
[Result "1-0"]
[WhiteElo "2031"]
[BlackElo "1876"]
[Annotator ""]
[Source ""]
[Remark ""]

1.Nf3 f5 2.d3 Nc6 3.e4 e5 4.Nc3 Nf6 5.Bg5 Be7 6.Be2 O-O 7.O-O
d6 8.Re1 h6 9.Bxf6 Bxf6 10.Nd5 Be6 11.c3 Bxd5 12.exd5 Ne7 13.Qb3
Rb8 14.Nd2 Kh8 15.Bf3 c5 16.a4 g5 17.g3 g4 18.Bg2 Bg5 19.Nc4
h5 20.f3 Qd7 21.Qb5 Qc7 22.b4 b6 23.fxg4 hxg4 24.a5 f4 25.Be4
f3 26.Red1 Kg7 27.axb6 axb6 28.Ra6 cxb4 29.Qxb4 Nc8 30.Rf1 Rf6
31.h4 Bh6 32.Kh2 Qc5 33.Qb2 b5 34.Rc6 Qa7 35.Ra1 Qd7 36.Nd2 Ne7
37.Rca6 Rb7 38.Nf1 Qc7 39.Qb4 Rb6 40.Ra7 Rb7 41.R7a6 Rb6 42.d4
exd4 43.Qxd4 Rxa6 44.Rxa6 Qc4 45.Qxc4 bxc4 46.Ra4 Nf5 47.Rxc4
Ne3 48.Nxe3 Bxe3 49.Bd3 Rf7 50.Rxg4+ Kf6 51.Rg6+ Ke5 52.Re6+
Kxd5 53.Rxe3 Kc5 54.Bf1 d5 55.Kg1 f2+ 56.Kg2 d4 57.cxd4+ Kxd4
58.Rf3 Rg7 59.Rxf2 Ke3 60.Re2+ Kd4 61.Kh3 Rf7 62.Bg2 Kd3 63.Re8
Kd4 64.g4 1-0

[Event "FIDE Open"]
[Site "Voronezh"]
[Date "2018.06.13"]
[Round "2.19"]
[White "Pak, Nikita"]
[Black "Koshevarov, Alexander"]
[Result "1/2-1/2"]
[WhiteElo "1870"]
[BlackElo "2030"]
[Annotator ""]
[Source ""]
[Remark ""]

1.e4 c5 2.Nf3 e6 3.d4 cxd4 4.Nxd4 a6 5.Bd3 Bc5 6.Nf3 Nc6 7.O-O
Qc7 8.c4 Nf6 9.Bg5 Ng4 10.Bh4 Nce5 11.Bg3 Nxf3+ 12.Qxf3 Ne5 13.Qe2
d6 14.Kh1 Bd7 15.f4 Nc6 16.Nd2 O-O 17.Nb3 Nd4 18.Nxd4 Bxd4 19.Bf2
Bxf2 20.Qxf2 Rac8 21.Rac1 Qa5 22.Qd4 Qc5 23.Qc3 a5 24.b3 d5 25.Qb2
Qe3 26.Rf3 Qc5 27.Rf2 dxc4 28.Rxc4 Qe3 29.Rd4 Bc6 30.Rf3 Qe1+
31.Rf1 Qe3 32.Rf3 Qe1+ 33.Rf1 Qe3 1/2-1/2

[Event "FIDE Open"]
[Site "Voronezh"]
[Date "2018.06.13"]
[Round "2.20"]
[White "Bruyatskaya, Mariya"]
[Black "Vorobiov, Nikolai"]
[Result "1-0"]
[WhiteElo "2026"]
[BlackElo "1873"]
[Annotator ""]
[Source ""]
[Remark ""]

1.e4 g6 2.d4 Bg7 3.Nc3 d6 4.Be3 a6 5.h4 h5 6.Qd2 b5 7.Nh3 e6
8.O-O-O Bd7 9.Ng5 Nf6 10.f3 b4 11.Ne2 a5 12.Nf4 Qc8 13.Be2 Nc6
14.Nd3 Ne7 15.g4 Bb5 16.gxh5 Nxh5 17.Rdg1 Qa6 18.Bf1 Nc6 19.d5
exd5 20.exd5 Ne7 21.Nf4 Bxf1 22.Nxh5 Rxh5 23.Rxf1 Qc4 24.Kb1
a4 25.Rd1 b3 26.cxb3 axb3 27.a3 Rxh4 28.Rxh4 Qxh4 29.Ne4 Qh5
30.Bd4 Qh8 31.Bxg7 Qxg7 32.Qb4 g5 33.Qxb3 f5 34.Nc3 g4 35.fxg4
Qxg4 36.Qb7 Rc8 37.Re1 f4 38.Nb5 Qf5+ 39.Ka1 Kd7 40.Nd4 Qh3 41.Qb5+
c6 42.Qb7+ Rc7 43.Rxe7+ Kxe7 44.Qxc7+ Qd7 45.Qxd7+ Kxd7 46.dxc6+
Kc7 47.Ne6+ 1-0

[Event "FIDE Open"]
[Site "Voronezh"]
[Date "2018.06.13"]
[Round "2.21"]
[White "Gerasko, Viacheslav"]
[Black "Kutyanina, Mariya"]
[Result "0-1"]
[WhiteElo "1862"]
[BlackElo "2021"]
[Annotator ""]
[Source ""]
[Remark ""]

1.c4 e6 2.g3 d5 3.b3 Nf6 4.Bg2 Be7 5.Nf3 O-O 6.O-O b6 7.Bb2 Bb7
8.d4 Nbd7 9.Nbd2 c5 10.e3 dxc4 11.Nxc4 Qc7 12.Rc1 Rfd8 13.Ncd2
Nd5 14.a3 Rac8 15.dxc5 bxc5 16.Qc2 Qb8 17.Nc4 Qa8 18.Na5 Ba6
19.Rfd1 Qb8 20.Nd2 N7b6 21.h3 Nxe3 22.Qc3 Bf6 23.Qxe3 Bxb2 24.Rxc5
Rxc5 25.Qxc5 Bd4 26.Qg5 h6 27.Qg4 Bb5 28.Bc6 Qe5 29.Nf3 f5 30.Nxe5
fxg4 31.Nxg4 Be2 32.Rd2 Bxf2+ 33.Kxf2 Rxd2 34.Ke3 Ra2 35.Nf2
Bh5 36.g4 Rxa3 37.Nb7 Rxb3+ 38.Kd4 Bf7 39.h4 Rb4+ 0-1

[Event "FIDE Open"]
[Site "Voronezh"]
[Date "2018.06.13"]
[Round "2.22"]
[White "Katkov, Vitaly"]
[Black "Sokolovsky, Victor"]
[Result "1-0"]
[WhiteElo "2018"]
[BlackElo "1866"]
[Annotator ""]
[Source ""]
[Remark ""]

1.d4 d5 2.Nf3 Nf6 3.c4 e6 4.Nc3 Bb4 5.Bg5 O-O 6.e3 c5 7.a3 Bxc3+
8.bxc3 Qa5 9.Bxf6 gxf6 10.Qd2 Nc6 11.cxd5 exd5 12.Bd3 Bg4 13.O-O
Rae8 14.Rfb1 Qc7 15.dxc5 Bxf3 16.gxf3 Ne5 17.Be2 Qd7 18.Rd1 Rd8
19.Qd4 Qh3 20.Qf4 Rfe8 21.Qg3+ Qxg3+ 22.hxg3 Kg7 23.Rab1 Re7
24.c4 Red7 25.cxd5 Rxd5 26.Rxd5 Rxd5 27.Rxb7 Rxc5 28.Rxa7 Rc2
29.Kf1 Rc1+ 30.Kg2 Rc2 31.Bb5 f5 32.Ra4 h5 33.Rf4 Kg6 34.a4 Ra2
35.e4 fxe4 36.fxe4 f6 37.Be8+ Kg7 38.Bb5 Kg6 39.Kf1 Kg7 40.Rf5
Ng4 41.Be2 Rxa4 42.Bxg4 hxg4 43.Rf4 Kf7 44.Rxg4 Ke6 45.Kg2 Ke5
46.f3 Ra2+ 47.Kh3 Ra3 48.Rf4 Ra8 49.Rf5+ Ke6 50.Kg4 Rb8 51.Ra5
Rb4 52.Kf4 Rb3 53.g4 Kf7 54.g5 fxg5+ 55.Rxg5 Kf6 56.e5+ Kf7 57.Ke4
Ke6 58.Rg6+ Kf7 59.Ra6 Rb1 60.Kf5 Rb7 61.f4 Rc7 62.Rh6 Kg7 63.Rg6+
Kf8 64.e6 Rc4 65.Ke5 Ke7 66.Rg7+ Kf8 67.Ra7 Rc8 68.Kf6 Rb8 69.Rh7
Kg8 70.Rg7+ Kh8 71.Rg1 Rf8+ 72.Ke5 Ra8 73.e7 Kh7 74.f5 Kh6 75.f6
Kh7 76.f7 Rf8 77.exf8R 1-0

[Event "FIDE Open"]
[Site "Voronezh"]
[Date "2018.06.13"]
[Round "2.24"]
[White "Slastikhin, Vladislav"]
[Black "Strukova, Ksenia"]
[Result "1-0"]
[WhiteElo "1846"]
[BlackElo "1994"]
[Annotator ""]
[Source ""]
[Remark ""]

1.d4 Nf6 2.c4 g6 3.Nc3 Bg7 4.Nf3 O-O 5.g3 d6 6.Bg2 c6 7.O-O Qb6
8.e4 Bg4 9.Rb1 a5 10.Be3 Qa6 11.b3 Nbd7 12.Qd2 Bxf3 13.Bxf3 c5
14.Nd5 Nxd5 15.exd5 b6 16.Rfe1 Rfe8 17.Bg2 a4 18.h4 h5 19.Bh3
Nf6 20.Bh6 Bh8 21.f4 axb3 22.axb3 Ng4 23.Bxg4 Bxd4+ 24.Kh1 hxg4
25.f5 Qa2 26.Qd3 Kh7 27.fxg6+ Kxh6 28.gxf7 Rf8 29.Qf5 Qf2 30.Re6+ 1-0

[Event "FIDE Open"]
[Site "Voronezh"]
[Date "2018.06.13"]
[Round "2.25"]
[White "Tikhonov, Viacheslav"]
[Black "Polukhin, Alexander"]
[Result "1-0"]
[WhiteElo "1993"]
[BlackElo "1809"]
[Annotator ""]
[Source ""]
[Remark ""]

1.d4 f5 2.Nf3 Nf6 3.g3 g6 4.Bg2 Bg7 5.b3 d6 6.Bb2 O-O 7.O-O Nbd7
8.Ng5 Nb6 9.c4 h6 10.Nh3 Qe8 11.d5 g5 12.f4 Qh5 13.e3 Qg6 14.Nc3
a6 15.Qe2 Ng4 16.Rad1 Bd7 17.Rfe1 Rae8 18.Nf2 Nxf2 19.Qxf2 Bc8
20.Qd2 Qh5 21.a4 Nd7 22.Ne2 Nf6 23.a5 Rf7 24.Nd4 Ne4 25.Qc2 Qg6
26.b4 e5 27.dxe6 Bxe6 28.Nxe6 Qxe6 29.Bxg7 Rxg7 30.Rd4 Rge7 31.Bxe4
fxe4 32.fxg5 hxg5 33.Rd5 Qh6 34.Rf1 Re5 35.Rf5 Rxf5 36.Rxf5 Qg6
37.Qf2 Qg7 38.Kg2 Re7 39.g4 Re6 40.h4 gxh4 41.Qxh4 Rh6 42.Rh5
Rxh5 43.Qxh5 Qb2+ 44.Kg3 Qxb4 45.Qe8+ Kg7 46.Qe7+ Kh6 47.g5+
Kh5 48.Kf4 Kg6 49.Qf6+ Kh7 50.g6+ 1-0

[Event "FIDE Open"]
[Site "Voronezh"]
[Date "2018.06.13"]
[Round "2.26"]
[White "Maraktanov, Andrey"]
[Black "Lepaev, Andrey"]
[Result "0-1"]
[WhiteElo "1763"]
[BlackElo "1992"]
[Annotator ""]
[Source ""]
[Remark ""]

1.d4 d5 2.Nf3 Nf6 3.c4 e6 4.g3 Be7 5.Bg2 O-O 6.O-O dxc4 7.Qc2
a6 8.Qxc4 b5 9.Qc2 Bb7 10.Bd2 Be4 11.Qc1 Bb7 12.Rd1 Nbd7 13.Ba5
Rc8 14.Nbd2 Qe8 15.Nb3 c5 16.dxc5 Nxc5 17.Nxc5 Bxc5 18.Qf4 Qe7
19.Ne5 Bxg2 20.Kxg2 b4 21.Nd3 Qb7+ 22.Kg1 Nd5 23.Nxc5 Rxc5 24.Rxd5
Rxd5 25.Qxb4 Rb5 26.Qa4 Rxb2 27.Bc3 Rb1+ 28.Rxb1 Qxb1+ 29.Kg2
Qb5 30.Qxb5 axb5 31.Bb4 Rc8 32.Kf3 f6 33.g4 Kf7 34.e4 g6 35.Ke3
Rc4 36.a3 f5 37.f3 fxg4 38.fxg4 Kf6 39.Be1 Rc2 40.h4 Ra2 41.g5+
Kf7 42.Bb4 Rh2 43.Kd4 Rxh4 0-1

[Event "FIDE Open"]
[Site "Voronezh"]
[Date "2018.06.13"]
[Round "2.27"]
[White "Kolyuzhnov, Vladislav"]
[Black "Mikheeva, Galina"]
[Result "1-0"]
[WhiteElo "1986"]
[BlackElo "1716"]
[Annotator ""]
[Source ""]
[Remark ""]

1.e4 e5 2.Nf3 Nc6 3.Bc4 Bc5 4.c3 Nf6 5.d3 O-O 6.b4 Be7 7.O-O
d5 8.exd5 Nxd5 9.b5 Na5 10.Nxe5 Nxc4 11.Nxc4 a6 12.bxa6 Rxa6
13.Ne5 Bf6 14.f4 Re8 15.d4 c5 16.c4 Nb4 17.d5 Bxe5 18.fxe5 Rxe5
19.Bb2 Rf5 20.a3 Rxf1+ 21.Kxf1 Nc6 22.Nd2 Na5 23.Qf3 Qh4 24.Re1
Bd7 25.Re4 Qg5 26.Rf4 Qg6 27.Bc3 Ra8 28.Qe4 Qxe4 29.Rxe4 Kf8
30.Bxa5 Rxa5 31.Nb3 Rxa3 32.Nxc5 Bf5 33.Rd4 b6 34.Nb7 Rd3 35.Rf4
Bd7 36.Nd6 f6 37.Ke2 Ra3 38.Re4 Ra2+ 39.Kf3 Rb2 40.h3 Rb4 41.h4
Rb3+ 42.Kf4 Rb1 43.Re2 Rb4 44.Re4 Rb2 45.g4 Rf2+ 46.Ke3 Rg2 47.Kf3
Rb2 48.Nf5 Rb4 49.Ke3 g6 50.Nd4 Rxc4 51.Ne6+ Bxe6 52.Rxc4 Bxd5
53.Rc7 Kg8 54.g5 fxg5 55.hxg5 b5 56.Kf4 Be6 57.Ke5 Bf5 58.Kf6
Kf8 59.Rxh7 Ke8 60.Rb7 Bd3 61.Ke5 Kd8 62.Kd4 Bc4 63.Rg7 1-0

[Event "FIDE Open"]
[Site "Voronezh"]
[Date "2018.06.13"]
[Round "2.28"]
[White "Badtrutdinova, Darya"]
[Black "Artemov, Nikita"]
[Result "0-1"]
[WhiteElo "1604"]
[BlackElo "1970"]
[Annotator ""]
[Source ""]
[Remark ""]

1.d4 Nf6 2.Bg5 Ne4 3.Bf4 c5 4.d5 e6 5.f3 Qa5+ 6.c3 Nf6 7.e4 exd5
8.exd5 d6 9.Bc4 Be7 10.Ne2 b5 11.Bb3 Bb7 12.Bg5 O-O 13.O-O Nbd7
14.Nf4 c4 15.Bxf6 Bxf6 16.Bc2 Qb6+ 17.Kh1 Qe3 18.Nh3 Rfe8 19.a4
b4 20.cxb4 Bxb2 21.Ra2 c3 22.Na3 Rac8 23.Nb5 Rc4 24.Nxd6 Rd4
25.Qb1 Bxd5 26.Rxb2 cxb2 27.Nxe8 Qxe8 28.Qxb2 Qe3 29.Qb1 g6 30.b5
Rd2 31.Be4 Be6 32.Re1 Qh6 33.Ng1 Qg5 34.Re2 Rd4 35.Bc6 Nc5 36.a5
Nd3 37.Be4 Nf4 38.Rf2 Qd8 39.b6 Rd1 40.Qb5 axb6 41.axb6 Bc8 42.b7
Bxb7 43.Qxb7 Nh5 44.Ra2 Qh4 45.Ra8+ Kg7 46.Qb2+ Kh6 47.g4 Ng7
48.Kg2 Qe1 0-1

[Event "FIDE Open"]
[Site "Voronezh"]
[Date "2018.06.13"]
[Round "2.29"]
[White "Kazmin, Semen"]
[Black "Kokueva, Alisa"]
[Result "1/2-1/2"]
[WhiteElo "1970"]
[BlackElo "1586"]
[Annotator ""]
[Source ""]
[Remark ""]

1.e4 e5 2.Nf3 Nc6 3.Bc4 Nf6 4.d3 h6 5.c3 d6 6.Nbd2 g5 7.h3 Bg7
8.Nf1 d5 9.exd5 Nxd5 10.Ng3 O-O 11.Nh5 Nf4 12.Bxf4 exf4 13.O-O
Bh8 14.d4 Bf5 15.Nh2 Qd6 16.Bd3 Bg6 17.Re1 Rae8 18.Qf3 Ne7 19.h4
c5 20.hxg5 hxg5 21.g3 cxd4 22.gxf4 Bxd3 23.Qxd3 Qg6 24.Qh3 g4
25.Qh4 Nf5 26.Qxg4 dxc3 27.bxc3 Bxc3 28.Rxe8 Rxe8 29.Rc1 Qxg4+
30.Nxg4 Re1+ 31.Rxe1 Bxe1 32.Ne3 Nd4 33.Kf1 Ba5 34.Nc4 Bc7 35.Nf6+
Kf8 36.Nd5 Bb8 37.Ke1 Ke8 38.Kd2 Kd7 39.Kd3 Nf5 40.Nce3 Ke6 41.Ke4
Nd6+ 42.Kf3 Nf5 43.Kg4 Nd6 44.f5+ Ke5 45.a4 1/2-1/2

[Event "FIDE Open"]
[Site "Voronezh"]
[Date "2018.06.13"]
[Round "2.30"]
[White "Biskup, Stepan"]
[Black "Pingin, Artem"]
[Result "1/2-1/2"]
[WhiteElo "1529"]
[BlackElo "1967"]
[Annotator ""]
[Source ""]
[Remark ""]

1.d4 d5 2.Nf3 Nf6 3.g3 e6 4.Bg2 Be7 5.O-O O-O 6.c4 c6 7.Nbd2
Nbd7 8.b3 b6 9.Bb2 Bb7 10.Rc1 c5 11.Ne5 cxd4 12.Bxd4 Bc5 13.e3
Nxe5 14.Bxe5 Qe7 15.Qf3 Rad8 16.Bxf6 Qxf6 17.Qxf6 gxf6 18.Rfd1
f5 19.cxd5 Bxd5 20.e4 fxe4 21.Bxe4 Ba3 22.Rb1 Be7 23.Re1 Kg7
24.Bxd5 Rxd5 25.Ne4 Rfd8 1/2-1/2

[Event "FIDE Open"]
[Site "Voronezh"]
[Date "2018.06.13"]
[Round "2.31"]
[White "Kuzmin, Roman"]
[Black "Shushunov, Aleksei"]
[Result "1-0"]
[WhiteElo "1963"]
[BlackElo "1429"]
[Annotator ""]
[Source ""]
[Remark ""]

1.e4 c6 2.d4 d5 3.Nc3 dxe4 4.Nxe4 Bf5 5.Ng3 Bg6 6.Bc4 Nf6 7.N1e2
e6 8.Nf4 Nd5 9.Bxd5 exd5 10.h4 Bd6 11.h5 Qe7+ 12.Kf1 Be4 13.h6
gxh6 14.Rxh6 Nd7 15.Nxe4 dxe4 16.Qh5 O-O 17.Be3 Kh8 18.c4 f6
19.Ng6+ 1-0

[Event "FIDE Open"]
[Site "Voronezh"]
[Date "2018.06.13"]
[Round "2.32"]
[White "Provkin, Vladimir"]
[Black "Denisenko, Dmitry"]
[Result "1-0"]
[WhiteElo "2182"]
[BlackElo "1703"]
[Annotator ""]
[Source ""]
[Remark ""]

1.d4 e6 2.Nf3 Nf6 3.Bg5 Be7 4.Nbd2 Nc6 5.c3 b6 6.e4 Bb7 7.Bd3
h6 8.Bxf6 gxf6 9.Qe2 Rg8 10.g3 Bf8 11.O-O-O Qe7 12.Rhe1 O-O-O
13.Ba6 Bg7 14.Qb5 Nb8 15.Bxb7+ Kxb7 16.Nb3 c6 17.Qh5 d5 18.Nfd2
a5 19.a3 Qc7 20.f4 dxe4 21.Nxe4 Rd5 22.Qf3 f5 23.Ned2 a4 24.Na1
Ka7 25.Nc2 Rgd8 26.Nc4 b5 27.N4e3 R5d6 28.Rd2 c5 29.d5 Na6 30.Red1
b4 31.Nc4 bxc3 32.bxc3 Rxd5 33.Rxd5 exd5 34.Rxd5 Rxd5 35.Qxd5
Bxc3 36.N2e3 Nb8 37.Nd6 Kb6 38.Nec4+ Ka6 39.Qa8+ 1-0

[Event "FIDE Open"]
[Site "Voronezh"]
[Date "2018.06.13"]
[Round "2.33"]
[White "Kuzmin, Vitaly"]
[Black "Markevich, Arseniy"]
[Result "0-1"]
[WhiteElo "1738"]
[BlackElo "2076"]
[Annotator ""]
[Source ""]
[Remark ""]

1.d4 Nf6 2.Nf3 d5 3.h3 c6 4.Bf4 Bf5 5.e3 e6 6.Be2 Bd6 7.Bxd6
Qxd6 8.O-O Nbd7 9.Nbd2 e5 10.dxe5 Nxe5 11.a3 O-O 12.c3 Nd3 13.Qb3
b5 14.Nh4 Nc5 15.Qd1 Be6 16.Nhf3 Nfe4 17.Nxe4 Nxe4 18.Nd2 f5
19.Bd3 Rad8 20.Bxe4 dxe4 0-1

[Event "FIDE Open"]
[Site "Voronezh"]
[Date "2018.06.13"]
[Round "2.34"]
[White "Knyazev, Pavel"]
[Black "Katyshkina, Anastasia"]
[Result "0-1"]
[WhiteElo "1762"]
[BlackElo "2035"]
[Annotator ""]
[Source ""]
[Remark ""]

1.Nf3 d5 2.g3 Nf6 3.Bg2 g6 4.d3 Bg7 5.O-O O-O 6.Nbd2 c5 7.e4
dxe4 8.dxe4 Nc6 9.c3 Bg4 10.h3 Bxf3 11.Qxf3 Rc8 12.Qe3 Nd7 13.f4
Bh6 14.g4 e5 15.Nc4 exf4 16.Qf2 Nde5 17.Qxc5 Nd3 18.Qd5 Ne7 19.Qb5
a6 20.Qxb7 Rxc4 21.Rd1 Qd6 22.Qa7 Nc6 23.Qxa6 Qc5+ 24.Kh2 Nxc1
25.b4 Qe5 26.Qxc4 f3+ 27.Kh1 Qg3 28.Qf1 Bf4 29.Kg1 Ne2+ 0-1